|
|
|
|
| LEADER |
00000cam a2200000 7i4500 |
| 001 |
0000214829 |
| 005 |
20191113.0 |
| 090 |
0 |
0 |
|a 782.421640
|b ROL
|
| 100 |
1 |
|
|a Gochanour,Mick ,
|e director
|
| 245 |
1 |
4 |
|a The Rolling stones [
|h digital video disc] :
|b charlie is my darling
|c Mick Goachanour
|
| 260 |
|
|
|a [New York] :
|b Andrew Loog Oldham ,
|c 20-
|
| 300 |
|
|
|a 1 digital video disc (63 minutes) :
|b col
|
| 336 |
|
|
|a two-dimensional moving image
|2 rdacontent
|
| 337 |
|
|
|a video
|2 rdamedia
|
| 338 |
|
|
|a videodisc
|2 rdacarrier
|
| 347 |
|
|
|a video file
|b DVD video
|2 rda
|
| 500 |
|
|
|a Library has 1 copy
|
| 521 |
0 |
|
|a General viewing for all ages (U)
|
| 650 |
0 |
0 |
|a Musicians
|x Biography
|
| 700 |
1 |
|
|a Jagger,Mick ,
|e director
|
| 700 |
1 |
|
|a Jones,Brian ,
|e director
|
| 700 |
1 |
|
|a Whitehead,Peter ,
|e director
|
| 710 |
1 |
|
|a The Rolling Stone
|e singer
|
| 999 |
|
|
|a AV 38609
|b DIGITAL VIDEO DISC
|c PINJAMAN
|e PERPUSTAKAAN KOMUNITI PETALING JAYA
|